| 000 | 00521nam a22001937a 4500 | ||
|---|---|---|---|
| 005 | 20260515114942.0 | ||
| 008 | 230424b ||||| |||| 00| 0 eng d | ||
| 020 | _a9789384211707 | ||
| 040 |
_aIN-DiNC _cIN-DiNC |
||
| 041 | _dasm | ||
| 082 |
_a050.954162 _bSAR |
||
| 245 |
_aSaraighat Assam Yearbook 2023/ _ced. by Tridib Dutta |
||
| 250 | _a22nd ed. | ||
| 260 |
_aGuwahati: _bSaraighat prakashan, _c2022. |
||
| 300 | _a1568p. | ||
| 650 | _aAssam yearbook 2023 | ||
| 700 |
_aDutta, Tridib _eEditor |
||
| 942 |
_2ddc _cBK |
||
| 999 |
_c11518 _d11518 |
||